| 000 | 00410pab a2200169 454500 | ||
|---|---|---|---|
| 008 | 180718b2010 xxu||||| |||| 00| 0 eng d | ||
| 100 | _aSelaya, Pablo | ||
| 245 | _aAid and sector growth: Evidence from panel data | ||
| 260 | _c2010 | ||
| 300 | _ap.1749-1766. | ||
| 362 | _aNov | ||
| 650 | _aDevelopment aid | ||
| 700 | _aThiele, Rainer | ||
| 773 | _aDevelopment Studies | ||
| 908 | _aN | ||
| 909 | _a90118 | ||
| 999 |
_c90118 _d90118 |
||